000 00429nam a22001697a 4500
005 20180703114926.0
008 160611b xxu||||| |||| 00| 0 eng d
020 _a978-0-07-062019-3
041 _aeng
082 _b6847
_a658.0072
100 _aCooper, Donald R Schindler, Pamela S.
_94432
245 _aBusiness Research Methods.
260 _aNew Delhi
_bTMH
300 _a679p,
650 _aManagement
_9241
942 _cBK
999 _c2390
_d2389